Boletín de la secretaría de ciencia y técnica (Registro nro. 8769)

Detalles MARC
000 -LEADER
fixed length control field 01071nas a2200265 454500
001 - CONTROL NUMBER
control field 35581
005 - DATE AND TIME OF LATEST TRANSACTION
control field 20260407193509.0
008 - FIXED-LENGTH DATA ELEMENTS--GENERAL INFORMATION
fixed length control field 260407s1984####ag###########|||spa#d
003 - CONTROL NUMBER IDENTIFIER
control field AR-UNSa-BCEJYS
040 ## - CATALOGING SOURCE
Original cataloging agency AR-UNSa-BCEJYS
Language of cataloging spa
Transcribing agency AR-UNSa-BCEJYS
080 ## - UNIVERSAL DECIMAL CLASSIFICATION NUMBER
Universal Decimal Classification number 001
Common auxiliary subdivision Ciencia y conocimiento en general. Organización del trabajo intelectual
041 ## - LANGUAGE CODE
Language code of text/sound track or separate title spa
100 1# - MAIN ENTRY--PERSONAL NAME
Personal name Argentina. Ministerio de Educación y Justicia. Secretaría de Ciencia y Técnica (SECYT)
245 10 - TITLE STATEMENT
Title Boletín de la secretaría de ciencia y técnica
264 #1 - PRODUCTION, PUBLICATION, DISTRIBUTION, MANUFACTURE, AND COPYRIGHT NOTICE
Place of production, publication, distribution, manufacture Buenos Aires :
Name of producer, publisher, distributor, manufacturer CONICET
Date of production, publication, distribution, manufacture, or copyright notice 1984
505 ## - FORMATTED CONTENTS NOTE
Formatted contents note Ferecuencia: Cuatrimestral<br/>Cambia de título a partir del Nº 13 año 1987<br/>Cambia de Director a partir del Año 4, Nº 12 por Rebeca Cherep de Guber
590 ## - LOCAL NOTE (RLIN)
Local note niveau_biblio:s niveau_hierar:1
650 ## - SUBJECT ADDED ENTRY--TOPICAL TERM
Topical term or geographic name entry element Investigación
650 ## - SUBJECT ADDED ENTRY--TOPICAL TERM
Topical term or geographic name entry element Investigación y desarrollo
650 ## - SUBJECT ADDED ENTRY--TOPICAL TERM
Topical term or geographic name entry element Tecnología
650 ## - SUBJECT ADDED ENTRY--TOPICAL TERM
Topical term or geographic name entry element Ciencia
700 1# - ADDED ENTRY--PERSONAL NAME
Personal name Lores Arnaiz, M.R.
856 41 - ELECTRONIC LOCATION AND ACCESS
Uniform Resource Identifier <a href="https://biblioeco.unsa.edu.ar/pmb//images/revistas/bltinSecCsTg.jpg">https://biblioeco.unsa.edu.ar/pmb//images/revistas/bltinSecCsTg.jpg</a>
Link text Imagen de portada
Electronic format type image/jpeg
942 ## - ADDED ENTRY ELEMENTS (KOHA)
Koha item type
Existencias
Withdrawn status Lost status Damaged status Not for loan Home library Current library Shelving location Date acquired Serial enumeration / chronology Total checkouts Full call number Barcode Date last seen Price effective from Koha item type
        Biblioteca Prof. Eusebio Cleto del Rey Biblioteca Prof. Eusebio Cleto del Rey   01/07/1989 Año 6, Nº 17 - jul./dic. 1989   H001 CIE 17 R18109 10/04/2026 10/04/2026 Numero
        Biblioteca Prof. Eusebio Cleto del Rey Biblioteca Prof. Eusebio Cleto del Rey   01/07/1988 Año 5, Nº 15 - jul./dic. 1988   H001 CIE 15 R18108 10/04/2026 10/04/2026 Numero
        Biblioteca Prof. Eusebio Cleto del Rey Biblioteca Prof. Eusebio Cleto del Rey   01/01/1988 Año 5, Nº 14 - ene./jun. 1988   H001 CIE 14 R18107 10/04/2026 10/04/2026 Numero
        Biblioteca Prof. Eusebio Cleto del Rey Biblioteca Prof. Eusebio Cleto del Rey   01/07/1987 Año 4, Nº 13 - jul./dic. 1987   H001 CIE 13 R18106 10/04/2026 10/04/2026 Numero
        Biblioteca Prof. Eusebio Cleto del Rey Biblioteca Prof. Eusebio Cleto del Rey   01/06/1987 Año 4, Nº 12 - jun. 1987   H001 CIE 12 R18105 10/04/2026 10/04/2026 Numero
        Biblioteca Prof. Eusebio Cleto del Rey Biblioteca Prof. Eusebio Cleto del Rey   01/12/1986 Año 3, Nº 11 - dic. 1986   H001 CIE 11 R18104 10/04/2026 10/04/2026 Numero
        Biblioteca Prof. Eusebio Cleto del Rey Biblioteca Prof. Eusebio Cleto del Rey   01/08/1986 Año 3, Nº 10 - ago. 1986   H001 CIE 10 R18103 10/04/2026 10/04/2026 Numero
        Biblioteca Prof. Eusebio Cleto del Rey Biblioteca Prof. Eusebio Cleto del Rey   01/03/1986 Año 3, Nº 9 - mar. 1986   H001 CIE 9 R18102 10/04/2026 10/04/2026 Numero
        Biblioteca Prof. Eusebio Cleto del Rey Biblioteca Prof. Eusebio Cleto del Rey   01/09/1985 Año 2, Nº 7 - sep. 1985   H001 CIE 7 R18101 10/04/2026 10/04/2026 Numero
        Biblioteca Prof. Eusebio Cleto del Rey Biblioteca Prof. Eusebio Cleto del Rey   01/06/1985 Año 2, Nº 6 - jun. 1985   H001 CIE 6 R18100 10/04/2026 10/04/2026 Numero
        Biblioteca Prof. Eusebio Cleto del Rey Biblioteca Prof. Eusebio Cleto del Rey   01/03/1985 Año 2, Nº 5 - mar. 1985   H001 CIE 5 R18099 10/04/2026 10/04/2026 Numero
        Biblioteca Prof. Eusebio Cleto del Rey Biblioteca Prof. Eusebio Cleto del Rey   01/11/1984 Año 1, Nº 4 - nov. 1984   H001 CIE 4 R18071 10/04/2026 10/04/2026 Numero
        Biblioteca Prof. Eusebio Cleto del Rey Biblioteca Prof. Eusebio Cleto del Rey   01/08/1984 Año 1, Nº 3 - ago. 1984   H001 CIE 3 R18062 10/04/2026 10/04/2026 Numero